ბათუმის შოთა რუსთაველის სახელმწიფო უნივერსიტეტის ბიბლიოთეკა

Декоративная дендрология (ბიბ.ჩანაწერი № 45807)

000 -LEADER
fixed length control field 00675nam a2200229Ia 4500
001 - CONTROL NUMBER
control field 12635
003 - CONTROL NUMBER IDENTIFIER
control field GE_BSU
008 - FIXED-LENGTH DATA ELEMENTS--GENERAL INFORMATION
fixed length control field 181216s||||||||xx |||||||||||||| ||und||
040 ## - CATALOGING SOURCE
Transcribing agency GE_BSU
080 ## - UNIVERSAL DECIMAL CLASSIFICATION NUMBER
Universal Decimal Classification number 586.635.971
100 ## - MAIN ENTRY--PERSONAL NAME
Personal name Колесников,А.И.
245 ## - TITLE STATEMENT
Title Декоративная дендрология
245 ## - TITLE STATEMENT
Statement of responsibility, etc. Ред.Г.В.Фридберг
260 ## - PUBLICATION, DISTRIBUTION, ETC.
Place of publication, distribution, etc. Москва
260 ## - PUBLICATION, DISTRIBUTION, ETC.
Name of publisher, distributor, etc. Госиздат
260 ## - PUBLICATION, DISTRIBUTION, ETC.
Date of publication, distribution, etc. 1960
300 ## - PHYSICAL DESCRIPTION
Extent 674стр.30см.
300 ## - PHYSICAL DESCRIPTION
Dimensions Указатель латинских названии растении стр.667
653 ## - INDEX TERM--UNCONTROLLED
Uncontrolled term Декоративная дендрология
942 ## - ADDED ENTRY ELEMENTS (KOHA)
Koha item type წიგნი
ეგზემპლარები
Withdrawn status Lost status Damaged status Not for loan Date acquired Barcode Date last seen Price effective from Koha item type
        2018-12-17 20574 2018-12-17 2018-12-17 წიგნი
        2018-12-17 20575 2018-12-17 2018-12-17 წიგნი